Statistics for Countries, US States, Capitals, Elements, 100 Most Common Words: Generator Puzzle

Click here to take the quiz!

General Stats

  • This quiz has been taken 290 times
  • The average score is 14 of 25

Answer Stats

ANSWER% Correct
A
90%
I
84%
An
75%
At
72%
In
72%
Me
71%
So
70%
No
70%
As
69%
Tin
69%
On
69%
To
66%
It
66%
Oman
51%
Not
47%
Maine
46%
Some
39%
Its
37%
Most
36%
MINNESOTA
36%
Estonia
33%
One
32%
Into
32%
Time
30%
Neon
29%

Score Distribution

Percentile by Number Answered

Percent of People with Each Score

Your Score History

You have not taken this quiz